| 000 | 01162pab a2200181 454500 | ||
|---|---|---|---|
| 008 | 180718b2000 xxu||||| |||| 00| 0 eng d | ||
| 100 | _aRomero-Lankao, Patricia | ||
| 245 | _aSustainability and public management reform: two challenges for Mexican environmental policy | ||
| 260 | _c2000 | ||
| 300 | _ap.389-99 | ||
| 362 | _aDec | ||
| 520 | _aMexico's efforts to develop and implement environmental policy face two critical challenges: (a) underlying but predictable difficulties in defining the concept of sustainable development and (b) fundamental organizational dificulties associated with public management reform within the responsible agency, the Ministry of Environment, Natural Resources, and Fisheries of Mexico (SEMARNAP). This article examinies these difficulties conceptually, traces their operational impact within SEMARNAP, and offers some recommendations intended to increase the effectiveness of Mexican environmental policy. - Reproduced | ||
| 650 | _aEnvironmental policy - Mexico | ||
| 650 | _aAdministrative reform - Mexico | ||
| 650 | _aAdministrative reform | ||
| 773 | _aAmerican Review of Public Administration | ||
| 909 | _a47328 | ||
| 999 |
_c47328 _d47328 |
||